[Event "Poznan op 25th"]
[Site "Poznan"]
[Date "2017.08.20"]
[Round "2"]
[White "Lascar, Radoslawa"]
[Black "Malyovanyi, Yulian"]
[Result "0-1"]
[WhiteElo "1778"]
[BlackElo "2006"]
[PlyCount "74"]
[EventDate "2017.08.20"]
[EventType "swiss"]
[EventRounds "9"]
[EventCountry "POL"]
[SourceTitle "CBM 180 Extra"]
[Source "ChessBase"]
[SourceDate "2017.10.06"]
[SourceVersion "1"]
[SourceVersionDate "2017.10.06"]
[SourceQuality "1"]

1. e4 c5 2. c3 d5 3. exd5 Qxd5 4. d4 g6 5. dxc5 Qxc5 6. Be3 Qc7 7. Nf3 Bg7 8. Be2 Nh6 9. Nd4 a6 10. Nd2 e5 11. N4b3 Nd7 12. f3 Nf5 13. Bf2 0-0 14. a4 b6 15. Nc4 Bb7 16. a5 Rad8 17. Qb1 b5 18. Nb6 Bh6 19. Nxd7 Rxd7 20. 0-0 Be3 21. Bd3 Bxf2+ 22. Rxf2 Ne3 23. Re2 Nc4 24. Qc2 Rfd8 25. Bxc4 bxc4 26. Nd2 f5 27. Rae1 Qxa5 28. b4 Qb6+ 29. Kh1 Qc7 30. Qa2 Rd3 31. Qxc4+ Qxc4 32. Nxc4 e4 33. fxe4 Bxe4 34. Re3 Rxe3 35. Nxe3 Rd2 36. Rg1 f4 37. Nc4 Rc2 0-1

[Event "Suwalki Warakomska Memorial-B 1st"]
[Site "Suwalki"]
[Date "2017.08.16"]
[Round "7"]
[White "Lascar, Radoslawa"]
[Black "Wolanski, Michal"]
[Result "0-1"]
[WhiteElo "1778"]
[BlackElo "1920"]
[PlyCount "92"]
[EventDate "2017.08.11"]
[EventType "swiss"]
[EventRounds "9"]
[EventCountry "POL"]
[SourceTitle "CBM 180 Extra"]
[Source "ChessBase"]
[SourceDate "2017.10.06"]
[SourceVersion "1"]
[SourceVersionDate "2017.10.06"]
[SourceQuality "1"]

1. e4 c5 2. c3 d5 3. exd5 Nf6 4. d4 Nxd5 5. dxc5 e6 6. c4 Nb4 7. a3 Qxd1+ 8. Kxd1 N4c6 9. Be3 Nd7 10. Nd2 Bxc5 11. Bxc5 Nxc5 12. b4 Na4 13. Ngf3 0-0 14. Kc2 Nb6 15. Bd3 Bd7 16. Ne4 f6 17. Nc5 Rab8 18. b5 Na5 19. Kc3 Rfc8 20. Kb4 Be8 21. Rac1 Rxc5 22. Kxc5 Nb3+ 23. Kb4 Nxc1 24. Rxc1 Rc8 25. Be4 Rc7 26. c5 Nd5+ 27. Bxd5 exd5 28. Re1 Bd7 29. Nd4 Kf7 30. a4 a5+ 31. Kxa5 Rxc5 32. Kb6 Rc4 33. Rd1 Rxa4 34. Kxb7 Ke7 35. Nc6+ Kd6 36. Rc1 Rc4 37. Rd1 Bxc6+ 38. bxc6 Rxc6 39. Rd2 Rc4 40. Kb6 Rb4+ 41. Ka5 Rb1 42. Ka4 Kc5 43. Rc2+ Kd4 44. Rd2+ Kc4 45. Ka3 d4 46. Rc2+ Kd3 0-1

[Event "POL-chT U19 2nd League"]
[Site "Iwonicz"]
[Date "2015.08.01"]
[Round "11.79"]
[White "Lascar, Radoslawa"]
[Black "Gierulski, Kamil"]
[Result "0-1"]
[WhiteElo "1730"]
[BlackElo "2097"]
[PlyCount "161"]
[EventDate "2015.07.25"]
[EventType "team-swiss"]
[EventRounds "11"]
[EventCountry "POL"]
[SourceTitle "EXT 2019"]
[Source "ChessBase"]
[SourceDate "2018.10.10"]
[SourceVersion "1"]
[SourceVersionDate "2018.10.10"]
[SourceQuality "1"]
[WhiteTeam "Wroclaw MUKS MDK Srodmiescie U19 II"]
[BlackTeam "Rzeszow U20"]
[WhiteTeamCountry "POL"]
[BlackTeamCountry "POL"]

1. e4 e5 2. Nf3 Nc6 3. Bc4 Bc5 4. c3 Nf6 5. d3 0-0 6. b4 Be7 7. b5 Na5 8. Nxe5 Nxc4 9. Nxc4 d5 10. Ncd2 dxe4 11. dxe4 Re8 12. 0-0 Qd3 13. e5 Nd7 14. f4 Qxb5 15. Nf3 Nb6 16. Nd4 Qd5 17. Nd2 c5 18. N4f3 Bf5 19. Kh1 Rad8 20. Qe1 Bd3 21. Rg1 f6 22. Qg3 fxe5 23. fxe5 Bf8 24. Re1 Na4 25. c4 Bxc4 26. Ne4 Kh8 27. Bg5 Rd7 28. Qh4 Nb2 29. Nf2 Nd3 30. Nxd3 Bxd3 31. Bf4 Kg8 32. Qh5 Bg6 33. Qg4 Rf7 34. h4 Qc4 35. g3 Bf5 36. Nd2 Qa6 37. Qf3 Rd7 38. Ne4 Qc6 39. Kg2 Rd4 40. Nd6 Bxd6 41. Qxc6 bxc6 42. exd6 Be4+ 43. Kf2 Kf7 44. Rad1 Re6 45. Rxd4 cxd4 46. Rd1 d3 47. Rc1 h6 48. h5 Ke8 49. Rb1 c5 50. Rc1 Bd5 51. Re1 Bxa2 52. Rxe6+ Bxe6 53. Be5 Kf7 54. Ke3 c4 55. Bc3 g6 56. hxg6+ Kxg6 57. Kf4 a6 58. Ke5 Kf7 59. Bd2 h5 60. Bc3 Bd7 61. Kd5 Bb5 62. Ke5 Bc6 63. Kf5 Bg2 64. Ke5 Bh3 65. Bd2 Ke8 66. Kd4 Be6 67. Kc5 Kf7 68. Kd4 Kf6 69. Ke4 Bf7 70. Kd4 Be6 71. Ke4 Bd7 72. Kd5 Bb5 73. Kd4 Kf5 74. Ke3 Ke5 75. Bb4 Kd5 76. Bc3 Kxd6 77. Kd4 Kc6 78. Bd2 Kb6 79. Kc3 a5 80. Bf4 Kc6 81. Be3 0-1

[Event "POL-chT U19 2nd League"]
[Site "Iwonicz"]
[Date "2015.08.01"]
[Round "3.67"]
[White "Lascar, Radoslawa"]
[Black "Klepek, Witold"]
[Result "1-0"]
[WhiteElo "1730"]
[BlackElo "1947"]
[PlyCount "119"]
[EventDate "2015.07.25"]
[EventType "team-swiss"]
[EventRounds "11"]
[EventCountry "POL"]
[SourceTitle "EXT 2019"]
[Source "ChessBase"]
[SourceDate "2018.10.10"]
[SourceVersion "1"]
[SourceVersionDate "2018.10.10"]
[SourceQuality "1"]
[WhiteTeam "Wroclaw MUKS MDK Srodmiescie U19 II"]
[BlackTeam "Pszczyna PSSz U19"]
[WhiteTeamCountry "POL"]
[BlackTeamCountry "POL"]

1. e4 c5 2. c3 d5 3. exd5 Qxd5 4. d4 Nc6 5. Nf3 Nf6 6. Be3 e6 7. dxc5 Qxd1+ 8. Kxd1 Ng4 9. b4 a5 10. Bb5 Nxe3+ 11. fxe3 Bd7 12. Nd4 Be7 13. Bxc6 bxc6 14. Nd2 e5 15. N4f3 f6 16. Nc4 axb4 17. cxb4 Be6 18. Nfd2 Kf7 19. Rf1 Kg6 20. Kc2 Rhd8 21. a3 Ra7 22. Nb6 f5 23. Ndc4 Bf6 24. Rad1 Bd5 25. Rf2 Be4+ 26. Kc1 Bd3 27. Na5 Rc7 28. Rfd2 e4 29. g3 Re8 30. Rxd3 exd3 31. Rxd3 Bg5 32. Nac4 Kf7 33. Nd6+ Ke7 34. Nxe8 Kxe8 35. a4 h5 36. a5 h4 37. a6 Ra7 38. Ra3 hxg3 39. hxg3 Kd8 40. Kd2 Bf6 41. Nc4 Kc7 42. Ke2 g6 43. Kf3 Bg7 44. Nd6 Bb2 45. Ra4 Ra8 46. Nc4 Bf6 47. Ra3 Ra7 48. Kf4 Bg7 49. Kg5 Kb8 50. Kxg6 Bf8 51. Kxf5 Rf7+ 52. Kg4 Rg7+ 53. Kf3 Rf7+ 54. Ke2 Bg7 55. a7+ Rxa7 56. Rxa7 Kxa7 57. Na5 Ka6 58. Nxc6 Kb5 59. Ne7 Be5 60. Kf3 1-0

[Event "Wroclaw op 9th"]
[Site "Wroclaw"]
[Date "2014.07.01"]
[Round "5"]
[White "Lascar, Radoslawa"]
[Black "Rossienik, Wieslaw"]
[Result "1-0"]
[WhiteElo "1705"]
[BlackElo "1498"]
[PlyCount "49"]
[EventDate "2014.06.29"]
[EventType "swiss"]
[EventRounds "9"]
[EventCountry "POL"]
[SourceTitle "EXT 2015"]
[Source "ChessBase"]
[SourceDate "2014.11.20"]
[SourceVersion "1"]
[SourceVersionDate "2014.11.20"]
[SourceQuality "1"]

1. e4 c5 2. c3 Nf6 3. e5 Nd5 4. d4 e6 5. c4 Nb6 6. d5 d6 7. exd6 Bxd6 8. Nf3 exd5 9. cxd5 0-0 10. Nc3 N8d7 11. Bd3 Nf6 12. Bg5 Re8+ 13. Be2 h6 14. Bh4 Bf5 15. b3 Bf4 16. g3 Bb8 17. 0-0 Bh3 18. Re1 g5 19. Nxg5 hxg5 20. Bxg5 Qd6 21. Bf3 Bd7 22. Qd2 a6 23. Bf4 Qf8 24. Bh6 Rxe1+ 25. Rxe1 1-0

[Event "Polanica Zdroj op-D 49th"]
[Site "Polanica Zdroj"]
[Date "2013.08.22"]
[Round "6"]
[White "Lascar, Radoslawa"]
[Black "Suder, Jakub"]
[Result "1/2-1/2"]
[WhiteElo "1733"]
[BlackElo "1562"]
[PlyCount "184"]
[EventDate "2013.08.17"]
[EventType "swiss"]
[EventRounds "9"]
[EventCountry "POL"]
[SourceTitle "EXT 2014"]
[Source "ChessBase"]
[SourceDate "2013.11.20"]
[SourceVersion "1"]
[SourceVersionDate "2013.11.20"]
[SourceQuality "1"]

1. e4 e6 2. Nf3 d5 3. Nc3 c5 4. d4 cxd4 5. Nxd4 Nc6 6. Bb5 Qd6 7. exd5 exd5 8. Qf3 Bd7 9. Bxc6 Bxc6 10. 0-0 Ne7 11. Re1 0-0-0 12. Qxf7 Bd7 13. Bf4 Qf6 14. Qxf6 gxf6 15. Ndb5 Bxb5 16. Nxb5 Nc6 17. c3 a6 18. Nc7 d4 19. Ne6 Rd7 20. Nxd4 Bd6 21. Bxd6 Nxd4 22. cxd4 Rxd6 23. Rad1 Rhd8 24. Re4 R8d7 25. Kf1 Kc7 26. Ke2 Kb6 27. Rf4 Kb5 28. Rf5+ Kc4 29. d5 b5 30. Rf4+ Kc5 31. b4+ Kb6 32. Rfd4 a5 33. bxa5+ Kxa5 34. R1d3 Kb6 35. Ke3 Rc7 36. a4 Rc5 37. axb5 Rxb5 38. g4 Kc7 39. h4 Rb1 40. Ra3 Rb7 41. Kf4 Kb6 42. Rb3+ Kc7 43. Rxb7+ Kxb7 44. Kf5 Kc7 45. f4 Kd7 46. g5 Ke7 47. g6 h6 48. Re4+ Kf8 49. Re6 Rxd5+ 50. Kxf6 Rd8 51. g7+ Kg8 52. Kg6 h5 53. Kxh5 Kxg7 54. Kg5 Kf7 55. Ra6 Rd7 56. f5 Kg7 57. h5 Rf7 58. Rb6 Kh7 59. Ra6 Kg7 60. Rc6 Kh7 61. Rb6 Kg7 62. Ra6 Kh7 63. Re6 Rg7+ 64. Rg6 Rf7 65. h6 Ra7 66. Re6 Rb7 67. Kf6 Kxh6 68. Re8 Rb6+ 69. Re6 Rb7 70. Ke5+ Kg7 71. Rg6+ Kh7 72. Rd6 Kg7 73. Ke6 Rf7 74. Rd8 Rf6+ 75. Ke5 Rf7 76. Rd6 Re7+ 77. Re6 Ra7 78. Rd6 Re7+ 79. Kf4 Ra7 80. Kg5 Rb7 81. Rg6+ Kh7 82. Rh6+ Kg8 83. Kg6 Rg7+ 84. Kf6 Ra7 85. Kg5 Rb7 86. Rf6 Ra7 87. Rh6 Rb7 88. f6 Rb1 89. Rh4 Rg1+ 90. Rg4 Rxg4+ 91. Kxg4 Kf7 92. Kf5 Kf8 1/2-1/2

[Event "Olsztyn op U18 rapid"]
[Site "Olsztyn"]
[Date "2013.08.02"]
[Round "4"]
[White "Lascar, Radoslawa"]
[Black "Lapa, Aleksandra"]
[Result "0-1"]
[WhiteElo "1733"]
[BlackElo "1600"]
[PlyCount "74"]
[EventDate "2013.08.01"]
[EventType "swiss (rapid)"]
[EventRounds "11"]
[EventCountry "POL"]
[SourceTitle "CBM 155 Extra"]
[Source "ChessBase"]
[SourceDate "2013.08.26"]
[SourceVersion "1"]
[SourceVersionDate "2013.08.26"]
[SourceQuality "1"]

1. e4 c5 2. Nf3 Nc6 3. d4 cxd4 4. Nxd4 Nf6 5. Nc3 e5 6. Ndb5 d6 7. Bg5 a6 8. Na3 Be6 9. Bxf6 Qxf6 10. Nd5 Bxd5 11. Qxd5 Be7 12. c3 0-0 13. Nc4 Rac8 14. Nb6 Rc7 15. Be2 Nb8 16. Rd1 Rd8 17. Qb3 Qg6 18. Bf3 Kh8 19. 0-0 Nc6 20. Rd5 Bf8 21. Rfd1 Re8 22. R1d2 Re6 23. Qd1 Na7 24. Bg4 Qxe4 25. Bxe6 fxe6 26. Rxd6 Bxd6 27. Rxd6 h6 28. Rxe6 Nc6 29. Nd7 Rxd7 30. Re8+ Kh7 31. Qc1 Rf7 32. f3 Qf5 33. Qe3 Qf4 34. Qd3+ Qf5 35. Qe3 Qb1+ 36. Kf2 Qxb2+ 37. Kg3 Qc2 0-1

[Event "Wroclaw Anderssen Memorial op-B 22nd"]
[Site "Wroclaw"]
[Date "2013.06.30"]
[Round "5"]
[White "Dadello, Aleksandra"]
[Black "Lascar, Radoslawa"]
[Result "0-1"]
[WhiteElo "1843"]
[BlackElo "1722"]
[PlyCount "100"]
[EventDate "2013.06.30"]
[EventType "swiss"]
[EventRounds "7"]
[EventCountry "POL"]
[SourceTitle "EXT 2014"]
[Source "ChessBase"]
[SourceDate "2013.11.20"]
[SourceVersion "1"]
[SourceVersionDate "2013.11.20"]
[SourceQuality "1"]

1. e4 c5 2. Nf3 e6 3. d4 cxd4 4. Nxd4 Nf6 5. Nc3 Qb6 6. Nb3 Bb4 7. Bd2 Nc6 8. Bd3 Bxc3 9. Bxc3 e5 10. Qe2 d6 11. 0-0-0 Be6 12. f3 0-0 13. Bd2 Bxb3 14. axb3 Nd4 15. Qe1 Nd7 16. Be3 Rac8 17. Bxd4 exd4 18. Kb1 Ne5 19. Qf2 Nc6 20. Bc4 Qa5 21. Qd2 Nb4 22. Qxd4 Qa2+ 23. Kc1 b5 24. Bd3 Qxb3 25. c3 Na2+ 26. Kd2 Qxb2+ 27. Ke3 Qxc3 28. Qxc3 Nxc3 29. Ra1 Rc7 30. Rhc1 Rfc8 31. Rf1 b4 32. Bc2 Ra8 33. Bb3 a5 34. Rf2 Rca7 35. Rd2 Ra6 36. Bc4 Rc6 37. Bd5 Nxd5+ 38. Rxd5 Rca6 39. Rad1 b3 40. e5 Kf8 41. exd6 Ke8 42. d7+ Kd8 43. Re5 Re6 44. Ke4 Rxe5+ 45. Kxe5 b2 46. Kd6 Ra6+ 47. Kc5 a4 48. Kb5 Ra7 49. Kc6 Rc7+ 50. Kd6 Rc1 0-1

[Event "Wroclaw Anderssen Memorial op-B 22nd"]
[Site "Wroclaw"]
[Date "2013.06.30"]
[Round "7"]
[White "Lascar, Radoslawa"]
[Black "Oszczanowski, Witold"]
[Result "0-1"]
[WhiteElo "1722"]
[BlackElo "1936"]
[PlyCount "80"]
[EventDate "2013.06.30"]
[EventType "swiss"]
[EventRounds "7"]
[EventCountry "POL"]
[SourceTitle "EXT 2014"]
[Source "ChessBase"]
[SourceDate "2013.11.20"]
[SourceVersion "1"]
[SourceVersionDate "2013.11.20"]
[SourceQuality "1"]

1. e4 c5 2. Nf3 Nc6 3. d4 cxd4 4. Nxd4 Nf6 5. Nc3 d6 6. Bg5 Bd7 7. Bxf6 gxf6 8. Be2 Nxd4 9. Qxd4 Qa5 10. 0-0-0 Rc8 11. f4 Bg7 12. f5 Bh6+ 13. Kb1 Bf4 14. Qd5 Qb6 15. Bc4 Rf8 16. Bb3 Be5 17. Qd3 a5 18. Nd5 Qc5 19. a4 b5 20. Qe3 Qxe3 21. Nxe3 bxa4 22. Bd5 Rg8 23. g3 Bb5 24. Rhe1 Rb8 25. Ka2 h5 26. b3 axb3+ 27. cxb3 Kf8 28. Rg1 Bd7 29. h3 e6 30. fxe6 fxe6 31. Bc4 Rxg3 32. Rxg3 Bxg3 33. Nc2 Be5 34. Rg1 a4 35. Rg6 Kf7 36. Rg2 axb3+ 37. Bxb3 Bc6 38. Re2 Bb5 39. Re1 Bd3 40. Rc1 Ra8+ 0-1